Биографический энциклопедический словарь

Bibliografiske detaljer
Andre forfattere: Ланда Н. М. (составитель)
Sprog:russisk
Udgivet: Москва, Большая Российская энциклопедия, 2000
Fag:
Format: MixedMaterials Bog
KOHA link:https://koha.lib.tpu.ru/cgi-bin/koha/opac-detail.pl?biblionumber=22846

MARC

LEADER 00000nam0a2200000 4500
001 22846
005 20231030194918.0
010 |a 5852702617 
035 |a (RuTPU)RU\TPU\book\23060 
035 |a BOOK00000824 
090 |a 22846 
100 |a 20011209d2000 km y0rusy50 ca 
101 0 |a rus 
102 |a RU 
105 |a y ef 001zd 
200 1 |a Биографический энциклопедический словарь  |f сост. Н. М. Ланда 
210 |a Москва  |c Большая Российская энциклопедия  |d 2000 
215 |a 712 с. 
320 |a Список осн. сокращений.: с. 703-706 
320 |a Аббревиатуры: с. 707-708 
610 1 |a энциклопедии 
610 1 |a биографии 
610 1 |a биографические справочники 
610 1 |a персоналии 
686 |a Я22  |v LBC/SL-A  |2 rubbk 
702 1 |a Ланда  |b Н. М.  |4 220 
801 0 |a RU  |b 63413507  |c 20011209  |g PSBO 
801 2 |a RU  |b 63413507  |c 20120712  |g PSBO 
942 |c BK 
959 |a 56/20050629  |d 1  |e 0  |f ЧЗСИО:1